000 00965nas a2200325 4500
001 BR0205581
003 BR-BrBNA
005 20231205103400.0
007 ta
008 230509b bl.|||p| |||| 00| 00por d
040 _aBR-BrBNA
_bpor
_cBiblioteca Nacional de Agricultura
041 _a(Pt)
072 _aF06; F60
100 1 _aMarouelli, W.A.
100 1 _aSilva, W.L.C.
100 1 _aMoretti, C.L.
245 1 _aDesenvolvimento de plantas, produção e qualidade de bulbos de alho sob condições de deficiência de água no solo
650 _aALHO
650 _aBULBO
650 _aIRRIGAÇÃO
650 _aRELAÇÃO ÁGUA-PLANTA
650 _aCRESCIMENTO
650 _aRENDIMENTO
650 _aQUALIDADE
650 _aCERRADO
650 _aDISTRITO FEDERAL
773 0 _tHorticultura Brasileira (Brazil)
_xISSN 0102-0536
_g(Sep 2002), v. 20(3) p. 470-473
_wBR0205581
909 _a202311
_bLúcia
_c55
_dLúcia Elande
942 _2AGRIS
_n0
_cANA
999 _c172569
_d172569